| 000 | 00362nam a2200157Ia 4500 | ||
|---|---|---|---|
| 003 | OSt | ||
| 005 | 20231123053738.0 | ||
| 008 | 170524s9999 xx 000 0 und d | ||
| 020 | _a81-224-1325-0 | ||
| 040 | _cIIMT | ||
| 100 | _aManay- Shakuntala | ||
| 245 | 0 | _afoods facts and principles | |
| 260 | _bNew Age International | ||
| 260 | _c2005 | ||
| 942 |
_2ddc _c02 |
||
| 999 |
_c7529 _d7529 |
||